Compendio de resistencia de materiales (Record no. 133323)

MARC details
000 -LEADER
campo de control de longitud fija 00840nam a2200229 i 4500
001 - NÚMERO DE CONTROL
campo de control 133323
003 - IDENTIFICADOR DE NÚMERO DE CONTROL
campo de control ES-MaACL
005 - FECHA Y HORA DE LA ÚLTIMA TRANSACCIÓN
campo de control 20230906194357.0
007 - CAMPO FIJO DE DESCRIPCIÓN FÍSICA--INFORMACIÓN GENERAL
campo de control de longitud fija t|
008 - DATOS DE LONGITUD FIJA--INFORMACIÓN GENERAL
campo de control de longitud fija 070214m19581959sp r ||||1| spa d
100 1# - ENTRADA PRINCIPAL--NOMBRE DE PERSONA
Nombre de persona Rubio Sanjuán, Isidoro.
9 (RLIN) 100446
245 10 - MENCIÓN DEL TÍTULO
Título Compendio de resistencia de materiales
Resto del título : su aplicación a órganos de máquinas y a la construcción, con una introducción al cálculo del hormigón armado /
Mención de responsabilidad, etc. por I. Rubio Sanjuán.
250 ## - MENCION DE EDICION
Mención de edición 5ª ed. corr. y ampl.
260 ## - PUBLICACIÓN, DISTRIBUCIÓN, ETC.
Lugar de publicación, distribución, etc. Barcelona [etc.] :
Nombre del editor, distribuidor, etc. Labor,
Fecha de publicación, distribución, etc. 1958-59.
300 ## - DESCRIPCIÓN FÍSICA
Extensión 2 t. ;
Dimensiones 22 cm.
490 1# - MENCIÓN DE SERIE
Mención de serie Publicaciones técnicas Labor
650 #4 - PUNTO DE ACCESO ADICIONAL DE MATERIA--TÉRMINO DE MATERIA
Término de materia o nombre geográfico como elemento de entrada Resistencia de materiales.
9 (RLIN) 136826
650 #4 - PUNTO DE ACCESO ADICIONAL DE MATERIA--TÉRMINO DE MATERIA
Término de materia o nombre geográfico como elemento de entrada Hormigón armado.
9 (RLIN) 155789
830 0# - PUNTO DE ACCESO ADICIONAL DE SERIE-TÍTULO UNIFORME
Título uniforme Publicaciones técnicas Labor
9 (RLIN) 186926
852 ## - LOCALIZACIÓN
Ubicación ES-MaACL
Número de control de estantería C-15984-5
Sublocalización o colección R.42843
Holdings
Estatus retirado Estado de pérdida Estado de daño No para préstamo Biblioteca de origen Biblioteca actual Ubicación en estantería Fecha de adquisición Fuente de adquisición Total de préstamos Signatura topográfica completa Código de barras Visto por última vez Precio de reemplazo Tipo de ítem Koha
        Biblioteca del Ateneo de Madrid Biblioteca del Ateneo de Madrid Ficheros 17/01/2008     C-15984-5 1138794 23/02/2023 23/02/2023 Libro impreso